LEADER 03627nam0 22005893i 450 001 BVEE041842 005 20170908093222.0 012 $aacc* r-a, amx- itmo (3) 1641 (R)$2fei$9Dittongo ae. 012 $aacc* r-d- amx- itmo (3) 1641 (R)$2fei$9variante B 100 $a20111130d1641 ||||0itac50 ba 101 | $alat 102 $anl 181 1$6z01$ai $bxxxe 182 1$6z01$an 200 1 $a˜Desiderii Erasmi Roterodami œDe virtute amplectenda oratio. De praeparatione ad mortem. De morte declamatio. De puero Iesu concio pronunciata in schola coletica, Londini olim instituta 210 $aLugduni Batavorum$cex officina Ioannis Maire$d1641 215 $a235, [5] p.$d12º 300 $aSul front. marca xil. del tip. (Uomo che vanga) con motto: Fac et spera 300 $aIniziali xil 300 $aCors. ; gr. ; rom 300 $aAlle p. 31, 149, 179 occh 300 $aUltime 2 c. bianche 300 $aSegn.: a-k¹² 300 $aVariante B: cambia il secondo gruppo dell'impronta 316 $a1 v. - Timbro rosso RB sul front.$5IT-NA0079, SALA FARN.43. A 11 316 $a1 v. Variante B. Leg. in pelle bazzana; A., tit. e fregi in oro sul dorso, nei compartimenti; taglio spruzzato. Carte di guardia marmorizzate$5IT-NA0120, NICOLINI SECONDO 1620 620 $dLeida$3BVEL001748 700 1$aErasmus$b, Desiderius$3CFIV002829$4070$0176189 712 02$aMaire, Joannes$3TO0V271515$4650 790 0$aErasmus Desiderius : Roterodamus$3BVEV000675$zErasmus, Desiderius 790 1$aGeertsz$b, Geert$3CFIV002832$zErasmus, Desiderius 790 0$aErasmo : da Rotterdam$3CFIV027058$zErasmus, Desiderius 790 0$aErasmus Roterodamus$3CFIV028884$zErasmus, Desiderius 790 0$aÉrasme$3CFIV049115$zErasmus, Desiderius 790 0$aEràsimu : de Ròtterdam$3CFIV278429$zErasmus, Desiderius 790 0$aErasmus : Roterodamus$3PUVV171349$zErasmus, Desiderius 790 0$aDesiderius Erasmus$3SBNV047269$zErasmus, Desiderius 791 02$aMaire, Jean$3PARV429509$zMaire, Joannes 791 02$aLe Maire, Joannes$3TO0V271518$zMaire, Joannes 791 02$aLe Maire, Jan$3TO0V281258$zMaire, Joannes 791 02$aMaire, Johan$3TO0V281259$zMaire, Joannes 801 3$aIT$bIT-NA0079$c20111130 850 $aIT-NA0079$aIT-NA0120 899 1$aBiblioteca Nazionale Vittorio Emanuele III$bNA0079$41 esemplare$eS$uhttp://books.google.com/books?vid=IBNN:BNA01001467449 912 $aBVEE041842 921 $aVEAM000014$bContadino che vanga un campo sotto il sole in cui si legge la parola ebraica Javhe. Motto: Fac et spera.$cB18106 950 0$aBiblioteca Nazionale Vittorio Emanuele III$c1 v.$d BNSALA FARN.43. A 11$e BNA010014674495 B 1 v. - Timbro rosso RB sul front.$fC $h20130117$i20130117$lTimbro rosso RB sul front.$mTimbri storici della biblioteca proprietaria 950 0$aIstituto italiano per gli studi storici$d CRNICOLINI SECONDO 1620$e CR 0000786395 B 1 v. Variante B. Leg. in pelle bazzana; A., tit. e fregi in oro sul dorso, nei compartimenti; taglio spruzzato. Carte di guardia marmorizzate$fZ $h20111130$i20111130 956 $aBiblioteca Nazionale Vittorio Emanuele III$b1$c $d $eBNA01001467449$uhttp://books.google.com/books?vid=IBNN:BNA01001467449$z BNSALA FARN.43. A 11 977 $a BN$a CR 996 $aDe virtute amplectenda oratio. De praeparatione ad mortem. De morte declamatio. De puero Iesu concio pronunciata in schola coletica, Londini olim instituta$91481539 997 $aUNISANNIO